| 000 | 04108nab a22008417 4500 | ||
|---|---|---|---|
| 003 | AR-RoUNA | ||
| 022 | _a0327-9022 | ||
| 040 |
_aAR-RoUNA _bspa |
||
| 041 | _aspa | ||
| 044 | _aag | ||
| 245 | _aSumma+ | ||
| 260 |
_aBuenos Aires (Argentina): _cDonn SA, _b1993. |
||
| 300 |
_a176 p. : _bil. byn. _bplanos _c34X25 cm. |
||
| 505 | 0 | _tARQUITECTURA | |
| 505 | 0 | _aAlfonso Corona Martínez / Lugar de testimonios. p. 42 | |
| 505 | 0 | _aClorindo Testa, Juan Fontana, arqs. / Colegio de escribanos de la Capital Federal, 1999. p. 66 | |
| 505 | 0 | _aFernando Diez / Formación en el puerto. p. 78 | |
| 505 | 0 | _aManteola-Sánchez Gómez,-Santos,-Solsona-Sallaberry-arqs. / Edificio Costeros, Puerto Madero, Buenos Aires, 1999. p. 78 | |
| 505 | 0 | _aEnrique Browne / Oficinas para Pioneer Chile SA, 1998. p. 88 | |
| 505 | 0 | _tCIUDAD Y ECOLOGIA | |
| 505 | 0 | _aVicente del Rio / Redibujado el paisaje carioca: Los proyectos Rio Ciudad y Favela Barrio. p. 94 | |
| 505 | 0 | _tINTERIORES | |
| 505 | 0 | _aCayetana Mercé / Prueba superada. p. 98 | |
| 505 | 0 | _aAFRA-Armendares, Ferreiro, Rey arqs. / Estudios de arquitectura y Diseño, Buenos Aires, Argenina, 1999. p. 98 | |
| 505 | 0 | _aRoberto Amette y Roberto Busnelli arqs. / Showroom, Oficinas y estudio, Buenos Aires, Argenitna, 1998. p. 102 | |
| 505 | 0 | _tREPORTAJE | |
| 505 | 0 | _aFredy Massad y Alicia Guerrero Yeste / El ultimo grito. Entrevista a Ben van Berkel y Carolina Bos (UN Studio). p.110 | |
| 505 | 0 | _aBen van Berkel y Caroline Bos / (UN Studio)/ Casa Moebius, Holanda, 1998. p. 114 | |
| 505 | 0 | _tARTE | |
| 505 | 0 | _aJorge Glusberg / Paul Klee. Pintor de lo invisible. Exposición en el Museo Nacional de Bellas Artes. p. 122 | |
| 505 | 0 | _tDISEÑO GRAFICO | |
| 505 | 0 | _aAngela Vassallo / Reconocer l talento. Trabajos de Héctor Totolano. p.128 | |
| 505 | 0 | _tDOCUMENTOS | |
| 505 | 0 | _aRamón Gutierrez y Patricia Méndez / Alberto Prebisch, testimonios del siglo que se fue. p. 132 | |
| 505 | 0 | _tDISEÑO INDUSTRIAL | |
| 505 | 0 | _aGonzalo Casals / España al dia. Feria Internacional Ofitec 2000, en Madrid. p .140 | |
| 505 | 0 | _tOTRA MIRADA A LA ARQUITECTURA SIN BARRERAS | |
| 505 | 0 | _aClotilde Amengual / Accesibilidad al medio físico. p.146 | |
| 505 | 0 | _aPatricia Canedo / Escuela alternativa. p. 148 | |
| 505 | 0 | _aArturo Shimamoto / Ingreso irrestricto . p. 150 | |
| 505 | 0 | _aFredy Massad y Alicia Guerrero Yeste / Normativa Catalana. p.152 | |
| 505 | 0 | _aDeporte para todos Aldo Barbieri. p.154 | |
| 505 | 0 | _tTESTIMONIOS | |
| 505 | 0 | _aDiana Cabeza / Entrevistas a tres personas discapacitadas. p. 158. | |
| 505 | 0 | _aEduardo Frank / Informarse previamente. Libro: Vejez, arquitectura y sociedad por . p.161 | |
| 505 | 0 | _aJorge Resta / Foto-Realidad. p.162 | |
| 505 | 0 | _tFRAGMENTOS - FOTOGRAFIA | |
| 505 | 0 | _aGraciela Melgarejo / Una convocatoria feliz. 30x30, Concurso fotográfico de La Nación p. 164 | |
| 505 | 0 | _tUNIVERSITARIAS | |
| 505 | 0 | _aRicardo C. Asin / Bases para el estudio del espacio urbano. Enseñanza y diálogo con la ciudad real. p. 166 | |
| 505 | 0 | _tTEXTURAS | |
| 505 | 0 | _aRoberto Fernández / El fin del mito naturalista. p. 168 | |
| 505 | 0 | _tHOMENAJE | |
| 505 | 0 | _aCesar Naselli y Noemi Goytía / Eduardo Sacriste 1905-1999. p.169 | |
| 505 | 0 | _tREVELACIONES | |
| 505 | 0 | _aMario Sabugo / Disney Paris. p.174 | |
| 505 | 0 | _tPOST-SCRIPTUM | |
| 505 | 0 | _aRuth Verde Zein / Siete motivos para la inexistencia de la crítica en América Latina, o aun la prueba de su existencia. p. 176 | |
| 600 | 7 |
_92386 _aBerkel, Ben van _d1957- |
|
| 600 | 0 |
_93334 _aPrebisch, Alberto, _d1899-1970. |
|
| 600 | 0 |
_92979 _aKoolhaas, Rem, _d1944- |
|
| 600 | 0 |
_aKlee _926988 |
|
| 650 |
_aArquitectura conteporánea _926982 |
||
| 650 |
_aEcologia _92737 |
||
| 650 |
_aDiseño gráfico _91446 |
||
| 650 |
_aDiseño industrial _9979 |
||
| 653 | _aArquitectura sin barreras | ||
| 773 | 0 |
_aSumma+ _dBuenos Aires, Argentina _gNº42 (abr-may 2000), p. 176 _x0327-9022 |
|
| 908 | _aImp | ||
| 942 |
_2udc _cART |
||
| 945 | _d2022-07-08 | ||
| 980 |
_6138 _aCarolina Rainero _85 _gMaría Machado |
||
| 999 |
_c11845 _d11845 |
||